000 00643nam a22002537a 4500
003 UA-OsUOA
001 137836
007 ta
008 20190614b un ||||| |||| 00| 0 ukr d
100 _aДрабинко О.
700 _aмитрополит
090 _a252
_bД72
942 _cBK
040 _aUA-OsUOA
_bukr
_cUA-OsUOA
_dUA-OsUOA
245 _aБути вдячним Богові
300 _a352 с.
955 _a2
041 _aukr
080 _a252
591 _aМитрополит Олександр
260 _aК.
_bФПБМВ
_c2017
650 7 _a2 Релігія. Теологія.
_2UDC
999 _c418541
_d418541